000 01454nam a2200277Ia 4500
999 _c5082
_d5082
003 OSt
005 20200515150830.0
008 191128s2009 sp ab gr 000 0 spa d
020 _a9788497454278
040 _aCO-JMCR
_cCO-JMCR
041 0 _aspa
082 0 4 _a310.1722 /
_bO122o
_223
100 1 _aOtero, Paola Paz,
_eeditora
_94402
245 1 0 _aOCDE factbook 2009 :
_bestadísticas económicas, medioambientales y sociales /
_ceditora Paola Paz Otero ; traductora Lidia Montero Ameneiro
250 _aQuinta edición
260 _aEspaña :
_bNetbiblo,
_c2009
300 _a316 páginas :
_btablas, mapas ;
_c24 cm.
504 _aIncluye índice análitico.
505 _aPoblación y migración -- Tendencias macroeconómicas -- Globalización económica -- Precios -- Energía -- Trabajo --Ciencia y tecnología -- Medio ambiente -- Educación --Finanzas públicas -- Calidad de vida -- Desigualdad
520 _aEs un anuario estadístico exhaustivo y dinámico de la OCDE. Contiene más de 100indicadores que engloban una gran variedad de áreas: economía, agricultura, educación, energía, medio ambiente, ayuda exterior, salud y calidad de vida.
650 1 4 _aEstadística de población
_x Macroeconomía
_y 2009
_94403
650 2 4 _aGlobalización Calidad de vida
_xEstadísticas
_y2009
_94404
650 2 4 _aMercado laboral
_xEstadísticas
_y2009
_94405
700 1 _aMontero Ameneiro, Lidia,
_e traductora
_94406
942 _2ddc
_cBK